000
00331nam a22001457a 4500
003
SGT
020
_a
81897483-5
082
_a
616.07
_b
CHA
100
_a
CHATURVEDI, SUSHMA
245
_a
PATHOPHYSIOLOGY & COMMON DISEASES
260
_a
INDIA
_b
BIRLA PUB.
_c
2026
300
_a
224
650
_a
PATHOPHYSIOLOGY
942
_2
ddc
_c
BK
999
_c
32966
_d
32966